| 000 | 00722nam a2200241Ia 4500 | ||
|---|---|---|---|
| 003 | OSt | ||
| 005 | 20230517164951.0 | ||
| 008 | 210423s2014 xx 000 0 und d | ||
| 020 | _a978-81-265-4726-5 | ||
| 040 | _cAL | ||
| 041 | _aeng | ||
| 082 |
_a637 _223 _bHUID |
||
| 100 |
_aHUI (Y H) Ed _9107377 |
||
| 245 | _aDairy science and technology handbook V 3: applications science technology and engineering | ||
| 250 | _a3 | ||
| 260 |
_aNew Delhi _bWiley and Sons _c2014 |
||
| 300 |
_aix,437 _bPB |
||
| 365 |
_b1095 _cINR |
||
| 650 |
_aAgriculture _9107378 |
||
| 650 |
_aDairy Products Processing _9107379 |
||
| 906 | _a3: ; applications ; Dairy ; engineering ; handbook ; science ; technology | ||
| 942 |
_2ddc _cBK |
||
| 999 |
_c166665 _d166665 |
||